00455cam a2200133 a 4500020002200000020002500022082002800047100002000075245007600095260003600171300002400207500005300231526003700284 a0141028556 (pbk.) a9780141028552 (pbk.)00a297.63bTARcN-01,P-1851 aRamadan, Tariq.14aThe messenger :bthe meanings of the life of Muhammad /cTariq Ramadan. aLondon :bPenguin Books,c2008. axii, 242 ;c20 cm. aOriginally published: London : Allen Lane, 2007. a0b0c0d297_630000000000000_TAR